| 000 | 00735nam a22002177a 4500 | ||
|---|---|---|---|
| 999 |
_c5434 _d5434 |
||
| 003 | AR-CdUCM | ||
| 008 | 190312b ||||| |||| 00| 0 spa d | ||
| 040 |
_aMUNICIPALIDAD PROVINCIAL DEL CUSCO _cBIBLIOTECA MUNICIPAL DEL CUSCO |
||
| 082 |
_a869.56 / _bM85 |
||
| 100 |
_aMorillo Ganoza, Juan _916362 |
||
| 245 | _aArrieros / | ||
| 260 |
_aTrujillo : _bCasa de la Poesía, _c1964. |
||
| 300 |
_a81 pagina ; _c18 cm. |
||
| 500 | _aDonación familia Nieto | ||
| 505 | _aContenido :El ejemplo de Benancio --Basura --Arrieros --Barrón Pishtaco --La carga del burro pargo --Un abuso --Vocabulario / | ||
| 650 |
_aLiteratura peruana _9169 |
||
| 650 |
_aCuentos _9217 |
||
| 650 |
_aSigo XX _916363 |
||
| 942 |
_2ddc _cLIBROS |
||
| 945 | _arjall | ||